Đảm bảo quyền tham gia chính trị của công dân ở một số quốc gia Châu Âu /

Kaydedildi:
Detaylı Bibliyografya
Yazar: Chữ Thị Nhuần.
Diğer Yazarlar: Lê Hoàng.
Materyal Türü: Makale
Dil:Vietnamese
Konular:
Etiketler: Etiketle
Etiket eklenmemiş, İlk siz ekleyin!
Thư viện lưu trữ: Thư viện Trường Đại học Đà Lạt
LEADER 00807nam a2200265 4500
001 DLU190190751
005 ##20190502
040 # # |a DLU  |b vie 
041 # # |a vie 
044 # # |a vn 
100 # # |a Chữ Thị Nhuần. 
245 # # |a Đảm bảo quyền tham gia chính trị của công dân ở một số quốc gia Châu Âu /  |c Chữ Thị Nhuần, Lê Hoàng. 
653 # # |a Châu Âu 
653 # # |a Chính trị 
653 # # |a Dân chủ 
700 # # |a Lê Hoàng. 
773 # # |t Nghiên cứu Châu Âu  |g Số 5(200), 2017, tr. 55-67 
920 # # |a Phòng Tạp chí -- Trung tâm Thông tin - Thư viện Trường Đại học Đà Lạt 
900 # # |a True 
911 # # |a Nguyễn Thị Thu Phương 
925 # # |a G 
926 # # |a A 
927 # # |a BB 
980 # # |a Thư viện Trường Đại học Đà Lạt